Welcome to the Holygrace Academy Library

Please use search bar below to get started

ANGEL REDEMPTION (Record no. 3614)

MARC details
000 -LEADER
fixed length control field 00546nam a22001457a 4500
020 ## - INTERNATIONAL STANDARD BOOK NUMBER
ISBN 0-671-04146-0
082 ## - DEWEY DECIMAL CLASSIFICATION NUMBER
Classification number 823
Item number ODO/A
100 ## - MAIN ENTRY--AUTHOR NAME
Personal name ODOM, MEL
245 ## - TITLE STATEMENT
Title ANGEL REDEMPTION
260 ## - PUBLICATION, DISTRIBUTION, ETC. (IMPRINT)
Place of publication NEW YORK
Name of publisher POCKET PULSE
Year of publication 2000
300 ## - PHYSICAL DESCRIPTION
Number of Pages 305
520 ## - SUMMARY, ETC.
Summary, etc The Weeping Angels are an ancient race of terrible power. With the ability to propel their victims backwards in time, their true form is a mystery - they turn to stone on sight. So they wander the universe, cursed never to see one another.
650 ## - SUBJECT ADDED ENTRY--TOPICAL TERM
Topical Term NOVEL
Geographic subdivision UNITED STATES
942 ## - ADDED ENTRY ELEMENTS (KOHA)
Koha item type Books
Holdings
Withdrawn status Lost status Collection code Home library Current library Shelving location Date acquired Source of acquisition Full call number Accession Number Koha item type
    Fiction Main Library Main Library SHELF-14-I- ALPHABETICAL N,O --ENGLISH NOVELS & FICTIONS 13/03/2014 purchase 823 ODO/A 07903 Books